000 01050nam a22002057a 4500
003 BD-DhUL
005 20170227181503.0
008 170222s2008 b a|||| m||| 00| 0 b d
040 _aBD-DhUL
_cBD-DhUL
082 0 0 _a320
_bHAN
100 1 0 _aআবদুল আউয়াল হাওলাদার,আবু হেনা এম.
245 _aনজরুলের রাষ্টচিন্তা ও রাজনীতি /
_cআবদুল আউয়াল হাওলাদার
_h[অভিসন্দর্ভ এমফিল]
260 _aঢাকা :
_bঢাকা বিশ্ববিদ্যালয়,
_c১৯৯৩
300 _a [৫], ১৪৪ পৃ. :
_b চিত্র ;
_c৩০ সে. মি. :
500 _a থিসিস (এম. ফিল) -- বাংলা বিভাগ, ঢাকা বিশ্ববিদ্যালয়, ১৯৯৩।
504 _a গ্রন্থপঞ্জী সংবলিত
650 4 _aরাজনীতি
650 4 _a Politics
942 _2ddc
_cREF
999 _c158636
_d158636